Once inicial del Atlético Madrid 2010 - 2019 - Estadísticas

Estadísticas generales
  • Esta prueba ha sido intentada 727 veces
  • La puntuación promedio es 28 de 44
Estadísticas de respuestas
Jugador % Correcto
Jan Oblak
99%
Antoine Griezmann
97%
Diego Godín
95%
Koke
95%
Thibaut Courtois
94%
José Giménez
91%
Arda Turan
89%
Filipe Luís
87%
Radamel Falcao
87%
Diego Forlán
86%
Stefan Savić
86%
Gabi
85%
Thomas Partey
83%
Saúl Ñíguez
80%
Sergio Agüero
80%
Yannick Carrasco
79%
Ángel Correa
76%
Juanfran
76%
Miranda
75%
Fernando Torres
73%
Mario Mandžukić
73%
Diego Costa
70%
David Villa
63%
David De Gea
62%
Tiago
61%
Santiago Arias
60%
Šime Vrsaljko
58%
Diego
56%
Miguel Moya
56%
Lucas Hernández
55%
Kévin Gameiro
54%
Rodri
42%
Luis Perea
40%
Mario Suárez
40%
Tomáš Ujfaluši
36%
Adrián López
33%
Raúl García
33%
Antonio López
29%
Guilherme Siqueira
26%
José Reyes
24%
Simão
24%
Paulo Assunção
19%
Álvaro Domínguez
16%
José Jurado
12%
No se encontraron pruebas coincidentes
Distribución de puntuación
Porcentaje de gente con cada puntuación
Porcentaje por número respondido
Historial de tus puntuaciones
No has intentado esta prueba.